Catálogo público

Análisis del sistema producto porcino / (Record no. 176317)

MARC details
000 -CABECERA
campo de control de longitud fija 02097nam a2200421Ia 4500
001 - NÚMERO DE CONTROL
campo de control dia_5398
003 - IDENTIFICADOR DEL NÚMERO DE CONTROL
campo de control CHAP
005 - FECHA Y HORA DE LA ÚLTIMA TRANSACCIÓN
campo de control 20240618184944.0
007 - CAMPO FIJO DE DESCRIPCIÓN FÍSICA--INFORMACIÓN GENERAL
campo de control de longitud fija ta
008 - DATOS DE LONGITUD FIJA--INFORMACIÓN GENERAL
campo de control de longitud fija 220117s2014 mx abdofr 001 0 spa d
040 ## - FUENTE DE LA CATALOGACIÓN
Centro/agencia transcriptor CHAP
Centro catalogador/agencia de origen mxchpua
090 ## - LOCALMENTE ASIGNADO TIPO-LC NÚMERO DE CLASIFICACIÓN (OCLC); NÚMERO DE CLASIFICACIÓN LOCAL (RLIN)
Número de clasificación (OCLC) (R) ; Numero de clasificación, CALL (RLIN) (NR) T.C.626
Número cutter local (OCLC) ; Número de libro/Signatura topográfica íntegra, CALL (RLIN) C68 SAI
Año 2014
245 10 - MENCIÓN DE TÍTULO
Título Análisis del sistema producto porcino /
Mención de responsabilidad, etc. coordinadores Ignacio Covarrubias Gutiérrez y Vicente López Bautista ; colaboradores Isabel Bravo Cruz...[et al.]
260 ## - PUBLICACIÓN, DISTRIBUCIÓN, ETC.
Lugar de publicación, distribución, etc. México :
Nombre del editor, distribuidor, etc. El autor,
Fecha de publicación, distribución, etc. 2014
300 ## - DESCRIPCIÓN FÍSICA
Extensión iii, 68 hojas :
Otras características físicas ilustraciones, mapas, gráficas, diagramas, tablas, fotos +
Material acompañante/anejo 1 CD-ROM
336 ## - TIPO DE CONTENIDO
Fuente rdacontent
Término de tipo de contenido texto
Código de tipo de contenido txt
337 ## - TIPO DE MEDIO
Fuente rdamedia
Nombre/término del tipo de medio no mediado
Código del tipo de medio n
338 ## - TIPO DE SOPORTE
Fuente rdacarrier
Nombre/término del tipo de soporte volumen
Código del tipo de soporte nc
500 ## - NOTA GENERAL
Nota general 6° año Grupo 2 --<br/>El CD contiene solo reporte. -- <br/>Directorio: h. 65-68
502 ## - NOTA DE TESIS
Nota de tesis Viaje de estudios
Tipo de título (SAI) --
Nombre de la institución que otorga el título UACh. Departamento de Ingeniería Agroindustrial,
Año de obtención del título 2014
504 ## - NOTA DE BIBLIOGRAFÍA, ETC.
Nota de bibliografía, etc. Bibliografía: hoja 37
505 ## - NOTA DE CONTENIDO CON FORMATO
Nota de contenido con formato Empresas visitadas:
Título 1. SAGARPA -- <br/>2. ASERCA -- <br/>3. Asociación Ganadera Local de Porcicultores de Mérida -- <br/>4. Mercado grande -- <br/>5. Distribuidora Mayorista y Minorista de Carne -- <br/>6. Maxicarne -- <br/>7. Grupo Porcicola San Gerardo -- <br/>8. Grupo Porcícola Yucatán -- <br/>9. Abastos de Mérida - Rastro Municipal -- <br/>10. FOGYSA -- <br/>11. FIRA -- <br/>12. COFOYUC (Comité Estatal de Fomento y Protección Pecuaria Yucatán)
650 13 - PUNTO DE ACCESO ADICIONAL DE MATERIA--TÉRMINO DE MATERIA
Término de materia o nombre geográfico como elemento de entrada Carne de puerco
Subdivisión general Mercadeo
9 (RLIN) 142152
Subdivisión geográfica México
650 13 - PUNTO DE ACCESO ADICIONAL DE MATERIA--TÉRMINO DE MATERIA
Término de materia o nombre geográfico como elemento de entrada Carne de puerco
Subdivisión general Producción
9 (RLIN) 158494
Subdivisión geográfica México
650 13 - PUNTO DE ACCESO ADICIONAL DE MATERIA--TÉRMINO DE MATERIA
Término de materia o nombre geográfico como elemento de entrada Pork
Subdivisión general Marketing
9 (RLIN) 158495
Subdivisión geográfica Mexico
650 13 - PUNTO DE ACCESO ADICIONAL DE MATERIA--TÉRMINO DE MATERIA
Término de materia o nombre geográfico como elemento de entrada Pork
Subdivisión general Production
9 (RLIN) 158496
Subdivisión geográfica México
700 1# - PUNTO DE ACCESO ADICIONAL--NOMBRE DE PERSONA
Nombre de persona Covarrubias Gutiérrez, Ignacio
9 (RLIN) 28697
Término indicativo de función/relación coordinador
700 1# - PUNTO DE ACCESO ADICIONAL--NOMBRE DE PERSONA
Nombre de persona López Bautista, Vicente
9 (RLIN) 147030
Término indicativo de función/relación coordinador
700 1# - PUNTO DE ACCESO ADICIONAL--NOMBRE DE PERSONA
Nombre de persona Bravo Cruz, Isabel
9 (RLIN) 132943
Término indicativo de función/relación colaboradora
856 42 - LOCALIZACIÓN Y ACCESO ELECTRÓNICOS
Identificador Uniforme del Recurso <a href="http://10.13.5.2/ve/TC626SAI/TC626SAI2014-REPORTE.pdf">http://10.13.5.2/ve/TC626SAI/TC626SAI2014-REPORTE.pdf</a>
Texto de enlace DESCARGAR REPORTE
942 ## - ELEMENTOS DE PUNTO DE ACCESO ADICIONAL (KOHA)
Fuente del sistema de clasificación o colocación Clasificación Universidad Autónoma de Chapingo
901 ## - ELEMENTOS DE DATOS A LOCAL LDA (RLIN)
a T.C.626 C68 SAI 2014
902 ## - ELEMENTOS DE DATOS B LOCAL, LDB (RLIN)
a M
905 ## - ELEMENTOS DE DATOS E LOCAL, LDE (RLIN)
a 5232272014 mx dnml8223123322spa16
942 ## - ELEMENTOS DE PUNTO DE ACCESO ADICIONAL (KOHA)
Tipo de ítem Koha Viaje de Estudios
Holdings
Estado de retiro Estado de pérdida Fuente del sistema de clasificación o colocación Estado dañado Restricciones de uso No para préstamo Código de colección Localización permanente Ubicación/localización actual Fecha de adquisición Fuente de adquisición Total de préstamos Signatura topográfica completa Código de barras Fecha visto por última vez Número de copia Precio válido a partir de Tipo de ítem Koha Fecha del último préstamo Ubicación en estantería
    Clasificación Universidad Autónoma de Chapingo   Préstamo interno   Viajes de Estudio Ingenieria Agroindustrial Ingenieria Agroindustrial 18/01/2022 El autor   T.C.626 C68 SAI 2014 1106007882 26/01/2026 Ej. 1 18/01/2022 Viaje de Estudios    
    Clasificación Universidad Autónoma de Chapingo   Préstamo 5 días   Viajes de Estudio Ingenieria Agroindustrial Ingenieria Agroindustrial 18/01/2022 El autor 1 T.C.626 C68 SAI 2014 1106007883 26/01/2026 Ej. 2 18/01/2022 Viaje de Estudios 30/04/2024  
    Clasificación Universidad Autónoma de Chapingo   Préstamo interno   Viajes de Estudio Ingenieria Agroindustrial Ingenieria Agroindustrial 18/01/2022 El autor   T.C.626 C68 SAI 2014 1106007884 18/01/2022 Ej. 3 18/01/2022 CD    
    Clasificación Universidad Autónoma de Chapingo   Préstamo 5 días   Viajes de Estudio Ingenieria Agroindustrial Ingenieria Agroindustrial 18/01/2022 El autor 1 T.C.626 C68 SAI 2014 1106007885 29/04/2024 Ej. 4 18/01/2022 CD 29/04/2024  
    Clasificación Universidad Autónoma de Chapingo       Viajes de estudio - En línea Ingenieria Agroindustrial Ingenieria Agroindustrial 15/04/2024 El autor   T.C.626 C68 SAI 2014 1206007882 15/04/2024   15/04/2024 Viajes de Estudio - En línea   En línea